Mon premier livre de chiffres (Record no. 133)
[ view plain ]
| 000 -LEADER | |
|---|---|
| Leader | 00295nam a2200133 4500 |
| 003 - IDENTIFIANT DE NUMÉRO DE CONTRÔLE | |
| champ de contrôle | OSt |
| 005 - DATE ET HEURE DE LA DERNIÈRE TRANSACTION | |
| champ de contrôle | 20250825173112.0 |
| 007 - CHAMP FIXE DE DESCRIPTION PHYSIQUE -- INFORMATIONS GENERALES | |
| Leader | ta |
| 008 - Éléments de longueur fixe - Renseignements généraux | |
| Leader | 250109b |||||||| |||| 00| 1 fre d |
| 040 ## - SOURCE DE CATALOGAGE | |
| Agence transcriptrice | autismepaimpol.fr |
| 100 ## - Vedette principale - Nom de personne | |
| Forme complète du nom | Collectif |
| 245 ## - TITLE STATEMENT | |
| Titre | Mon premier livre de chiffres |
| 942 ## - ADDED ENTRY ELEMENTS (KOHA) | |
| Type de document Koha | Livre jeunesse |
| 999 ## - | |
| -- | 133 |
| -- | 133 |
| Statut retiré des collections | Statut perdu | Source de classification / plan de classement | Statut endommagé | Exclu du prêt | Site de rattachement | Site actuel | Date d'acquisition | Total des prêts | Code à barres | Vu en dernier | Prix effectif de | Type de document Koha |
|---|---|---|---|---|---|---|---|---|---|---|---|---|
| Classification décimale de Dewey | Autisme Paimpol - Matériel | Autisme Paimpol - Matériel | 09/01/2025 | 69 | 09/01/2025 | 09/01/2025 | Livre jeunesse |